000 00646nam a22001937a 4500
999 _c166418
_d166418
005 20191106110252.0
010 _aENG-126053
020 _a978-93-86761-13-2
_c2018
035 _aEN-109586
037 _aDBAD/PUB
082 _a327
100 _aPrabhat Kumar,
245 _aForeign policy and diplomacy /
_cby Prabhat Kumar
260 _aNew Delhi
_bAne Books Pvt.Ltd.
_c2018
270 _a4821,Parwana Bhawan, 1st Floor 24 Ansari Road, Darya Ganj,
_bNew Delhi
_k077-23276843,
_mkapoor@anebooks.com
300 _a296p.
_c23cm(Hb)
500 _aIncludes bibliographical references and index
942 _2ddc
_cEN
_h327
_kPRA